000
00294nam a22001337a 4500
008
180807b xxu||||| |||| 00| 0 eng d
082
_a
813.52
245
_a
Instructor's Reset
_c
MANSUETTI.L
260
_c
2002
300
_a
1
_f
CD
440
_x
0072426330
760
_b
2 nd
942
_2
ddc
_c
MX
999
_c
46905
_d
46905